Les Franck et Frank célèbres - Statistiques

Statistiques générales
  • Ce quiz a été pris 157 fois
  • Le résultat moyen est 6 sur 20
Statistiques - réponses
Par images Réponse % Correct
Franck Dubosc
99%
Franck Ribéry
94%
Franck Gastambide
72%
Frank Leboeuf
71%
Frank Sinatra
59%
Franck Ferrand
38%
Franck Provost
33%
Franck Riester
24%
Franck Sauzée
24%
Frank Michael
19%
Franck Pitiot
13%
Franck de Lapersonne
12%
Franck Piccard
10%
Frank Delay
5%
Frank Capra
4%
Franck Cammas
3%
Franck Sémonin
3%
Frank Vincent
2%
Franck Villard
1%
Frank Costello
1%
Aucun quiz correspondant
Distribution des résultats
% des personnes avec chaque résultat
Percentile par nombre de réponses
Votre historique - résultats
Vous n’avez pas pris ce quiz